ليالي السمر للطفل المسلم : (رقم التسجيلة. 66236)

تفاصيل مارك
000 -LEADER
fixed length control field 00543nam a22001697a 4500
005 - DATE AND TIME OF LATEST TRANSACTION
control field 20251108171930.0
008 - FIXED-LENGTH DATA ELEMENTS--GENERAL INFORMATION
fixed length control field 250721s9999 xx 000 0 ara d
082 14 - DEWEY DECIMAL CLASSIFICATION NUMBER
Classification number ط/001.2/مصط
100 1# - MAIN ENTRY--PERSONAL NAME
Personal name عاشور، مصطفى
245 10 - TITLE STATEMENT
Title ليالي السمر للطفل المسلم :
Remainder of title ألغاز - حكايات - إبتسامات /
264 1# - PRODUCTION, PUBLICATION, DISTRIBUTION, MANUFACTURE, AND COPYRIGHT NOTICE
Place of production, publication, distribution, manufacture القاهرة :
Name of producer, publisher, distributor, manufacturer مكتبة القرآن،
300 ## - PHYSICAL DESCRIPTION
Extent 95ص
650 17 - SUBJECT ADDED ENTRY--TOPICAL TERM
Topical term or geographic name as entry element أدب الأطفال
653 ## - INDEX TERM--UNCONTROLLED
Uncontrolled term ناشاون صغار (10-14 سنه )
942 ## - ADDED ENTRY ELEMENTS (KOHA)
Source of classification or shelving scheme Dewey Decimal Classification
Koha item type كتب
المقتنيات
حالة السحب حالة الفقدان مصدر التصنيف حالة التلف غير قابل للإعارة المكتبة الرئيسية المكتبة الحالية موقع الرف تاريخ التزويد الرقم المتسلسل Total Checkouts رقم الإستدعاء تاريخ آخر ظهور تاريخ الفاتورة نوع المادة (كوها) الباركود
    Dewey Decimal Classification     مكتبة أم قصير والمقابلين العامة مكتبة أم قصير والمقابلين العامة الأطفال 08/06/2008     ط/001.2/مصط 28/07/2025 08/06/2008 كتب PLD00018906
    Dewey Decimal Classification Unchecked   مكتبة الجويدة مكتبة الجويدة الأطفال 06/07/2004 184   ط/001.2/مصط 28/07/2025 06/07/2004 كتب  
    Dewey Decimal Classification     مكتبة الحسن العامة مكتبة الحسن العامة الأطفال 23/02/2019 [00031]   ط/001.2/مصط 28/07/2025 23/02/2019 كتب PLD00445663
Implemented & Customized by: BBB with SCIT (Smart Chains for Information Technology)

Powered by Koha